000 00791nam a2200205Ia 4500
005 20260121110254.0
008 008 260114s9999 xx 000 0 hin d
020 _a9788132352105
037 _aEBOOK
040 _aCRL
_bhin
_cCRL
041 _ahin
_2hin
084 _qCRL
100 _aरविन्द्र प्रसाद / Ravindra Prasad
_9944149
245 0 _aभारत में नागरिक समाज, सामाजिक आन्दोलन एवं मानवाधिकार / Bharat mein Nagarik Samaj, Samajik Andolan aur Manavadhikar
260 _bभाषा प्रकाशन / Bhasha Prakashan
_c2020
856 _uhttps://bhashaprakashan.com/product-details/378550
942 _cEBOOK
999 _c1535813
_d1535813